City of Bradford Metropolitan DC v Yorkshire Water Services Ltd (Record no. 70090)

MARC details
000 -LEADER
fixed length control field 01785cam a2200241 4500
001 - CONTROL NUMBER
control field ABS65375
008 - FIXED-LENGTH DATA ELEMENTS--GENERAL INFORMATION
fixed length control field 020426n2002 000 0 eng u
035 ## - SYSTEM CONTROL NUMBER
System control number (Sirsi) u117706
245 ## - TITLE STATEMENT
Title City of Bradford Metropolitan DC v Yorkshire Water Services Ltd
260 ## - PUBLICATION, DISTRIBUTION, ETC.
Date of publication, distribution, etc. 2002
490 ## - SERIES STATEMENT
Series statement Estates Gazette
Volume/sequential designation [2002] 10 EG 159-163(5)
520 ## - SUMMARY, ETC.
Summary, etc. QBD 19 September 2001. Appellant council (C) served an abatement notice on the respondent sewerage undertaker (Y) pursuant to the Environment Protection Act 1990 s80. Y contended that the drainage system depositing the sewage was not a public sewer within the meaning of the Public Health Act 1875 on 1 October 1937. An appeal by Y against the abatement notice was allowed on the ground that as the pipe had only served a farmhouse and a street gully on 1 October 1937, it was a drain within the meaning of the 1875 Act and that Y had not acquired liability for it. C appealed. "Held": appeal dismissed. The pipe between the gully in the highway and its junction with the drain from the farmhouse was for protection of the farmhouse and not the drainage of the highway; the pipe was therefore a drain rather than a public sewer. Full judgement available on http://www.courtservice.gov.uk/View.do?id=542&searchTerm=City+of+Bradford+Metropolitan+DC&ascending=false&index=20&maxIndex=62.
590 ## - LOCAL NOTE (RLIN)
Local note ABS
650 ## - SUBJECT ADDED ENTRY--TOPICAL TERM
Topical term or geographic name entry element BRADFORD MDC V YORKSHIRE WATER SERVICES
650 ## - SUBJECT ADDED ENTRY--TOPICAL TERM
Topical term or geographic name entry element PUBLIC SEWERS
650 ## - SUBJECT ADDED ENTRY--TOPICAL TERM
Topical term or geographic name entry element SEWERAGE
650 ## - SUBJECT ADDED ENTRY--TOPICAL TERM
Topical term or geographic name entry element STATUTORY NUISANCE
650 ## - SUBJECT ADDED ENTRY--TOPICAL TERM
Topical term or geographic name entry element PUBLIC HEALTH ACT 1875
650 ## - SUBJECT ADDED ENTRY--TOPICAL TERM
Topical term or geographic name entry element ENVIRONMENTAL PROTECTION ACT 1990 S80
690 ## - LOCAL SUBJECT ADDED ENTRY--TOPICAL TERM (OCLC, RLIN)
Topical term or geographic name as entry element ENVIRONMENT-CASE LAW
856 ## - ELECTRONIC LOCATION AND ACCESS
Uniform Resource Identifier <a href="https://www.courtservice.gov.uk/View.do?id=542&searchTerm=City+of+Bradford+Metropolitan+DC&ascending=false&index=20&maxIndex=62">https://www.courtservice.gov.uk/View.do?id=542&searchTerm=City+of+Bradford+Metropolitan+DC&ascending=false&index=20&maxIndex=62</a>
942 ## - ADDED ENTRY ELEMENTS (KOHA)
Suppress in OPAC 0
Holdings
Withdrawn status Lost status Source of classification or shelving scheme Damaged status Not for loan Home library Current library Shelving location Date acquired Total Checkouts Full call number Barcode Date last seen Copy number Price effective from Koha item type
    Dewey Decimal Classification     London London Journal article 26/04/2002   ABS65375 117706-1001 06/08/2019 1 06/08/2019 Law report